00282 a2200109 450000100060000008200140000610000260002024500620004625000060010826000470011450500110016154458 a516.3 SEG aSeggern, David H. Von aCRC standard curves and surfaces with mathematica, 2nd ed a2 aBoca Raton/ Londonbtaylor & francisc2007 aCD/DVD